Math break (for experts) - Statistics

General Stats
  • This quiz has been taken 23 times
    6 since last reset
  • The average score is 5 of 7
Answer Stats
Hint Answer % Correct
7x7 49
100%
12x12 144
75%
67x80 5360
75%
7x8 56
75%
8x8 64
75%
9x9 81
75%
77x142 10934
25%
No matching quizzes found
Score Distribution
Percent of People with Each Score
Percentile by Number Answered
Your Score History
You have not taken this quiz since the last reset